Konstanz Stadtteile - Statistiken

Allgemein
  • Dieses Quiz wurde 111 mal gespielt
  • Das Durchschnittsergebnis liegt bei 10 aus 15
Antworten auf der Karte
Die Antworten werden auf der Karte rot bzw. grün angezeigt, abhängig davon wie oft sie richtig erraten wurden.
 
Antwortstatistiken
Hint Antwort % Korrekt
12.138 Altstadt
84%
6.775 Wollmatingen
82%
6.097 Paradies
80%
5.348 Allmannsdorf
77%
12.500 Fürstenberg
75%
812 Egg
71%
3.861 Litzelstetten
71%
1.779 Staad
71%
3.289 Dettingen
70%
2.098 Dingelsdorf
70%
1.048 Industriegebiet
61%
1.137 Wallhausen
57%
7.248 Petershausen-Ost
54%
16.021 Petershausen-West
54%
6.181 Königsbau
52%
Keine übereinstimmenden Quizze gefunden
Verteilung der Resultate
Anzahl Personen mit jedem Resultat
Perzentil nach korrekt beantworteten Fragen
Ihre Resultats-Entwicklung
Sie haben dieses Quiz noch nicht gespielt